000 00605nam a22002057a 4500
003 OSt
005 20230413164041.0
008 210315s2000 ck a|||br|||| 00| j spa d
040 _aCO-JMCR
_cCO-JMCR
041 0 _aspa
082 0 4 _aC /
_bDISb
_223
110 1 _aWalt Disney
_911995
245 1 0 _aBambi /
_cWalt Disney
260 _a[Colombia] :
_bDisney Enterprises,
_c20000
300 _a24 páginas :
_bilustraciones a color ;
_c13 x 14 cm.
650 1 4 _aCuentos infantiles
_936116
650 2 4 _aDibujos animados
_936117
650 2 4 _aAnimales en la literatura
_xCervatillo
_936118
942 _2ddc
_cBK
999 _c15383
_d15383